000 00243nam a22001217a 4500
040 _cHS
082 _a576
100 _aNA
245 _aPrincipes and applications of soil microbiology
260 _aNA
_bNA
_cNA
300 _a138p;
942 _cEK
999 _c9506
_d9506